[Event "CYCC U16 w"]
[Site "Kitchener CAN"]
[Date "2006.07.11"]
[Round "3"]
[White "Kagramanov, Dalia"]
[Black "Wan, Karen"]
[Result "1-0"]
[WhiteElo "1571"]
[BlackElo "1088"]
[PlyCount "117"]
[EventDate "2006.07.10"]
[EventType "tourn"]
[EventRounds "7"]
[EventCountry "CAN"]

1. e4 c5 2. Nf3 d6 3. d4 cxd4 4. Nxd4 Nf6 5. Nc3 g6 6. Be3 Bg7 7. f3 O-O 8. Qd2
Nc6 9. O-O-O Nxd4 10. Bxd4 a6 11. g4 b5 12. Ne2 a5 13. h4 b4 14. h5 b3 15. a3
bxc2 16. Kxc2 Qc7+ 17. Nc3 Rb8 18. Rb1 Be6 19. Kc1 Bb3 20. hxg6 fxg6 21. Qh2 e5
22. Be3 h5 23. g5 Nh7 24. Qg3 d5 25. exd5 Bxd5 26. Be2 Rb3 27. Bd2 Qc6 28. Rf1
Rfb8 29. Bd1 R3b7 30. Bc2 Bc4 31. Rf2 Qc8 32. Be1 Bb3 33. Bxg6 Ba2 34. Ra1 Bf7
35. Bxf7+ Rxf7 36. g6 Bh6+ 37. Bd2 Bxd2+ 38. Rxd2 Rg7 39. gxh7+ Kxh7 40. Qxe5
Rg1+ 41. Rd1 Rxd1+ 42. Kxd1 Qd8+ 43. Kc2 Qg8 44. Qxh5+ Kg7 45. Rg1+ Kf6 46.
Rxg8 Rxg8 47. Ne4+ Ke6 48. f4 Rc8+ 49. Kd3 Rd8+ 50. Ke3 Rd5 51. Qe8+ Kf5 52.
Qf7+ Kg4 53. Qxd5 Kh3 54. f5 Kg4 55. f6 a4 56. f7 Kh4 57. f8=Q Kg4 58. Qg5+ Kh3
59. Qh8# 1-0

[Event "CYCC U16 w"]
[Site "Kitchener CAN"]
[Date "2006.07.11"]
[Round "4"]
[White "Wan, Karen"]
[Black "Choumskaia, Katerina"]
[Result "1/2-1/2"]
[WhiteElo "1088"]
[BlackElo "1376"]
[PlyCount "70"]
[EventDate "2006.07.10"]
[EventType "tourn"]
[EventRounds "7"]
[EventCountry "CAN"]

1. e4 e6 2. d4 d5 3. e5 c5 4. c3 Nc6 5. Nf3 Bd7 6. a3 f6 7. b4 c4 8. Be2 Qc7 9.
Bf4 fxe5 10. dxe5 Nge7 11. O-O Ng6 12. Re1 Nxf4 13. Nd4 Qxe5 14. Bf3 Qf6 15. g3
Nd3 16. Re3 Nxd4 17. cxd4 Qxd4 18. Ra2 Qf6 19. Bxd5 Be7 20. Bxc4 Ne5 21. Qh5+
Ng6 22. Rf3 Qd4 23. Nd2 O-O-O 24. Rd3 Qe5 25. Qxe5 Nxe5 26. Rc3 Nxc4 27. Rxc4+
Bc6 28. b5 Rd6 29. bxc6 Rxc6 30. Rxc6+ bxc6 31. Rc2 Kd7 32. Nc4 Rc8 33. Ne5+
Kd6 34. Nf7+ Kd7 35. Ne5+ Kd6 1/2-1/2

[Event "CYCC U16 w"]
[Site "Kitchener CAN"]
[Date "2006.07.12"]
[Round "5"]
[White "Nadeau, Gabrielle"]
[Black "Wan, Karen"]
[Result "1/2-1/2"]
[WhiteElo "1652"]
[BlackElo "1088"]
[PlyCount "70"]
[EventDate "2006.07.10"]
[EventType "tourn"]
[EventRounds "7"]
[EventCountry "CAN"]

1. e4 c5 2. Nf3 d6 3. Bc4 Nf6 4. d3 Nc6 5. Bf4 Nd4 6. c3 Nxf3+ 7. Qxf3 Bg4 8.
Qg3 e5 9. Bg5 Bd7 10. Qe3 h6 11. Bxf6 Qxf6 12. Nd2 Be7 13. Bd5 O-O 14. O-O Be6
15. Bxe6 Qxe6 16. Qe2 b5 17. f4 exf4 18. Rxf4 Bg5 19. Rf3 Bxd2 20. Qxd2 d5 21.
exd5 Qxd5 22. a3 a5 23. Raf1 Ra6 24. Rf5 Qd7 25. Rxc5 Rd6 26. d4 b4 27. Rxa5
bxc3 28. bxc3 Qc7 29. Raf5 Ra6 30. Ra1 Rc6 31. Rf3 Re8 32. Re1 Ra8 33. Ra1 Re8
34. Re1 Ra8 35. Ra1 Re8 1/2-1/2

[Event "CYCC U16 w"]
[Site "Kitchener CAN"]
[Date "2006.07.12"]
[Round "6"]
[White "Wan, Karen"]
[Black "Du, Jasmine"]
[Result "0-1"]
[WhiteElo "1088"]
[BlackElo "1436"]
[PlyCount "124"]
[EventDate "2006.07.10"]
[EventType "tourn"]
[EventRounds "7"]
[EventCountry "CAN"]

1. e4 e5 2. Nf3 Nc6 3. Bc4 Bc5 4. c3 Nf6 5. d4 exd4 6. cxd4 Bb4+ 7. Nc3 Nxe4 8.
O-O Bxc3 9. bxc3 d5 10. Bb5 O-O 11. Bxc6 bxc6 12. Ne5 Nxc3 13. Qc2 Ne4 14. Nxc6
Qd6 15. Ne5 Bf5 16. Qc6 f6 17. Qxd6 Nxd6 18. Nc6 Rfe8 19. Bf4 Nb5 20. Rfe1 Be6
21. Re3 a5 22. Rae1 Kf7 23. a4 Nd6 24. Bxd6 cxd6 25. R3e2 Bd7 26. Re7+ Kf8 27.
Rxe8+ Bxe8 28. Ne7 Bxa4 29. Nxd5 Bb3 30. Nc3 a4 31. Rb1 d5 32. g3 Rc8 33. Nb5
Rc4 34. Kg2 Rb4 35. Nc7 Kf7 36. Na6 Rxd4 37. Nc5 Bc2 38. Rb7+ Kg6 39. Ne6 Be4+
40. Kf1 Rc4 41. Nf4+ Kh6 42. h4 Bf3 43. Nd3 Rc3 44. Ne1 Rc1 45. Ra7 Ra1 46. Ra5
a3 47. Ra4 a2 48. Ra3 d4 49. Ra5 Bd5 50. Rxd5 Rxe1+ 51. Kxe1 a1=Q+ 52. Kd2 Qa2+
53. Kd3 Qxd5 54. Kd2 Qf3 55. Ke1 d3 56. Kd2 Qe2+ 57. Kc3 d2 58. Kb4 d1=R 59.
Kc5 Qc2+ 60. Kb4 Rb1+ 61. Ka3 Qb2+ 62. Ka4 Qb4# 0-1

[Event "CYCC U16 w"]
[Site "Kitchener CAN"]
[Date "2006.07.13"]
[Round "7"]
[White "Xiong, Sonja"]
[Black "Wan, Karen"]
[Result "1-0"]
[WhiteElo "1701"]
[BlackElo "1088"]
[PlyCount "131"]
[EventDate "2006.07.10"]
[EventType "tourn"]
[EventRounds "7"]
[EventCountry "CAN"]

1. e4 c5 2. Nf3 d6 3. d4 cxd4 4. Nxd4 Nf6 5. Nc3 g6 6. Be3 Bg7 7. f3 O-O 8. Qd2
Nc6 9. O-O-O Nxd4 10. Bxd4 Be6 11. Kb1 a6 12. g4 b5 13. h4 b4 14. Ne2 a5 15.
Nf4 Bd7 16. g5 Ne8 17. Nd5 Bc6 18. Bc4 Bxd5 19. Bxd5 Rb8 20. h5 e6 21. Bc6 Bxd4
22. Qxd4 Qxg5 23. hxg6 fxg6 24. Rdg1 Qe5 25. Qf2 Rf4 26. Qh2 Rf7 27. f4 Qg7 28.
Rf1 e5 29. Bd5 Rbb7 30. f5 Rbd7 31. fxg6 hxg6 32. Rf3 Kf8 33. Bxf7 Rxf7 34.
Rxf7+ Kxf7 35. Qd2 Qf6 36. Qd5+ Qe6 37. Rf1+ Nf6 38. Qxa5 Qh3 39. Qc7+ Ke8 40.
Rd1 Qf3 41. Qxd6 Kf7 42. Qc7+ Kf8 43. Rd8+ Ne8 44. Qd6+ Kg7 45. Qxe5+ Nf6 46.
Qd4 Kh6 47. a3 bxa3 48. bxa3 Qf1+ 49. Ka2 Qe2 50. Qxf6 Qxc2+ 51. Qb2 Qc4+ 52.
Kb1 Qxe4+ 53. Qc2 Qh1+ 54. Qc1+ Qxc1+ 55. Kxc1 g5 56. a4 g4 57. a5 Kh5 58. a6
g3 59. a7 Kh4 60. a8=Q Kg4 61. Qe4+ Kg5 62. Rg8+ Kf6 63. Rxg3 Kf7 64. Rf3+ Kg7
65. Qg4+ Kh6 66. Rh3# 1-0

[Event "CYCC U16 w playoff"]
[Site "Kitchener CAN"]
[Date "2006.07.13"]
[Round "1"]
[White "Kagramanov, Dalia"]
[Black "Choumskaia, Katerina"]
[Result "1/2-1/2"]
[WhiteElo "1571"]
[BlackElo "1376"]
[PlyCount "100"]
[EventDate "2006.07.10"]
[EventType "match"]
[EventRounds "2"]
[EventCountry "CAN"]

1. e4 e5 2. Nf3 d6 3. Bc4 Nf6 4. Nc3 Bg4 5. d3 Nc6 6. Bg5 Be7 7. h3 Bh5 8. g4
Bg6 9. Qd2 h6 10. Be3 Qd7 11. O-O-O O-O-O 12. Rhe1 Kb8 13. Nd5 Rhe8 14. Nxe7
Nxe7 15. Ng1 d5 16. exd5 Nexd5 17. f3 Nxe3 18. Qxe3 Nd5 19. Bxd5 Qxd5 20. Kb1
f6 21. Ne2 Bf7 22. Nc3 Qc6 23. Qe4 Bd5 24. Nxd5 Qxd5 25. Qxd5 Rxd5 26. f4 Kc8
27. f5 a6 28. c4 Rd4 29. Re4 Red8 30. Kc2 b5 31. b3 Kb7 32. a3 Kb6 33. Rd2 Ka5
34. Kc3 bxc4 35. Rxd4 Rxd4 36. dxc4 Rxd2 37. Kxd2 Kb6 38. Ke3 Kc5 39. Ke4 a5
40. h4 c6 41. g5 hxg5 42. hxg5 Kd6 43. g6 Ke7 44. c5 Kd7 45. a4 Kc7 46. Kd3 Kd7
47. Ke4 Kc7 48. Kd3 Kd7 49. Ke4 Kc7 50. Kd3 Kd7 1/2-1/2

[Event "CYCC U16 w playoff"]
[Site "Kitchener CAN"]
[Date "2006.07.13"]
[Round "2"]
[White "Choumskaia, Katerina"]
[Black "Kagramanov, Dalia"]
[Result "1-0"]
[WhiteElo "1376"]
[BlackElo "1571"]
[PlyCount "58"]
[EventDate "2006.07.10"]
[EventType "match"]
[EventRounds "2"]
[EventCountry "CAN"]

1. e4 c5 2. Nc3 d6 3. f4 Nc6 4. Nf3 e6 5. Bb5 Bd7 6. d3 a6 7. Bxc6 Bxc6 8. O-O
Be7 9. Be3 Nf6 10. Qd2 O-O 11. Rae1 d5 12. Bf2 d4 13. Ne2 Rc8 14. c3 dxc3 15.
Nxc3 Ng4 16. Bg3 h5 17. Ng5 b5 18. h3 Nf6 19. Qe2 g6 20. f5 exf5 21. exf5 Re8
22. fxg6 fxg6 23. Ne6 Qd7 24. Kh1 b4 25. Qd2 bxc3 26. Qh6 Bf8 27. Qxg6+ Bg7 28.
Rxf6 Rxe6 29. Rexe6 Qd5 1-0

[Event "CYCC U18"]
[Site "Kitchener CAN"]
[Date "2006.07.10"]
[Round "1"]
[White "Goodman, Kevin"]
[Black "Wang, David"]
[Result "0-1"]
[WhiteElo "1870"]
[BlackElo "2169"]
[PlyCount "74"]
[EventDate "2006.07.10"]
[EventType "swiss"]
[EventRounds "7"]
[EventCountry "CAN"]

1. d4 Nf6 2. Nf3 d5 3. c4 dxc4 4. e3 e6 5. Bxc4 a6 6. a4 c5 7. Nc3 Nc6 8. b3
Be7 9. Ba3 Qa5 10. Qc1 Ne4 11. b4 cxb4 12. Nxe4 bxa3+ 13. Ned2 O-O 14. Bb3 Bd7
15. O-O b5 16. d5 exd5 17. Bxd5 Rac8 18. Qd1 Rfd8 19. axb5 axb5 20. Qb3 Be8 21.
e4 Qb4 22. Qa2 Qa4 23. Bb3 Qa6 24. Rfd1 Ra8 25. Bd5 Nb4 26. Qb3 Nxd5 27. exd5
b4 28. Qe3 Bf6 29. Ra2 Rxd5 30. Qe4 Rb5 31. Nb3 Bc6 32. Qe2 Rd5 33. Qc2 Rxd1+
34. Qxd1 Rd8 35. Rd2 Rxd2 36. Qxd2 Qc4 37. Ne5 Qxb3 0-1

[Event "CYCC U18"]
[Site "Kitchener CAN"]
[Date "2006.07.10"]
[Round "2"]
[White "Wang, David"]
[Black "Larocque, Angele"]
[Result "1-0"]
[WhiteElo "2169"]
[BlackElo "1028"]
[PlyCount "47"]
[EventDate "2006.07.10"]
[EventType "swiss"]
[EventRounds "7"]
[EventCountry "CAN"]

1. e4 e5 2. Nf3 Nc6 3. Bb5 d6 4. O-O Bd7 5. c3 a6 6. Bc4 Nf6 7. Ng5 d5 8. exd5
Na5 9. Bb3 h6 10. Nf3 Bd6 11. Re1 e4 12. d3 Bf5 13. dxe4 Nxe4 14. Nbd2 Qe7 15.
Bc2 O-O 16. Nxe4 Bxe4 17. Rxe4 Qd7 18. b4 b6 19. bxa5 bxa5 20. c4 Bc5 21. Bb2
a4 22. Qd3 Qf5 23. Rg4 Qg6 24. Rxg6 1-0

[Event "CYCC U18"]
[Site "Kitchener CAN"]
[Date "2006.07.11"]
[Round "4"]
[White "Kazmaier, Daniel"]
[Black "Ho, Conrad"]
[Result "1-0"]
[WhiteElo "2160"]
[BlackElo "1898"]
[PlyCount "99"]
[EventDate "2006.07.10"]
[EventType "swiss"]
[EventRounds "7"]
[EventCountry "CAN"]

1. e4 e6 2. Qe2 c5 3. Nf3 Nc6 4. g3 g6 5. Bg2 Bg7 6. d3 Nge7 7. O-O d5 8. e5 h6
9. h4 b6 10. Bf4 Bb7 11. c3 Qc7 12. Re1 a5 13. a4 Ba6 14. Na3 g5 15. hxg5 hxg5
16. Bxg5 Ng6 17. Nb5 Bxb5 18. axb5 Ncxe5 19. Nxe5 Bxe5 20. Bxd5 exd5 21. Bf6
Kd7 22. Bxe5 Nxe5 23. Qxe5 Qxe5 24. Rxe5 Kd6 25. Rf5 Ke6 26. g4 Rh4 27. Re1+
Kd6 28. Rf6+ Kd7 29. Rxf7+ Kd6 30. Rf6+ Kd7 31. f3 Rah8 32. Kg2 Rh2+ 33. Kg3
R8h3+ 34. Kf4 Rf2 35. Rxb6 Rhxf3+ 36. Ke5 Rxb2 37. Rd6+ Kc7 38. Rxd5 Rxb5 39.
c4 Rb8 40. Rxc5+ Kd7 41. Rh1 Re8+ 42. Kd4 a4 43. Rd5+ Kc6 44. Rh6+ Kc7 45. Kc5
Ree3 46. Rh7+ Kc8 47. g5 a3 48. Ra7 Rxd3 49. Kc6 Rb3 50. Rc7+ 1-0

[Event "CYCC U18"]
[Site "Kitchener CAN"]
[Date "2006.07.11"]
[Round "4"]
[White "Wang, David"]
[Black "Davies, Lucas"]
[Result "1-0"]
[WhiteElo "2169"]
[BlackElo "2159"]
[PlyCount "99"]
[EventDate "2006.07.10"]
[EventType "swiss"]
[EventRounds "7"]
[EventCountry "CAN"]

1. e4 c6 2. d4 d5 3. Nc3 dxe4 4. Nxe4 Nf6 5. Nxf6+ gxf6 6. c3 Bf5 7. Ne2 e6 8.
Ng3 Bg6 9. h4 h5 10. Bf4 Nd7 11. Be2 Qa5 12. Qb3 O-O-O 13. O-O-O Nb6 14. c4 e5
15. Bd2 Qa4 16. Qxa4 Nxa4 17. dxe5 fxe5 18. Bg5 Rxd1+ 19. Rxd1 Bg7 20. Bd3 e4
21. Bxe4 Nxb2 22. Bxg6 fxg6 23. Rd6 Be5 24. Rxg6 Nd3+ 25. Kc2 Nxf2 26. Nf5 Ng4
27. Ne3 Kd7 28. Nxg4 hxg4 29. Kd3 Rh7 30. Ke4 Bg3 31. Rh6 Rxh6 32. Bxh6 Bxh4
33. Be3 a6 34. Kf4 Ke6 35. Kxg4 Bf6 36. c5 Ke5 37. Bg5 Bg7 38. Be7 Ke6 39. Bd8
Kd5 40. Bb6 a5 41. Kf5 a4 42. g4 Bh6 43. g5 Bxg5 44. Kxg5 Kc4 45. Kf5 Kc3 46.
Ke6 Kb2 47. Kd7 Kxa2 48. Kc8 a3 49. Kxb7 Kb3 50. Bd8 1-0

[Event "CYCC U18"]
[Site "Kitchener CAN"]
[Date "2006.07.12"]
[Round "5"]
[White "Kazmaier, Daniel"]
[Black "Wang, David"]
[Result "0-1"]
[WhiteElo "2160"]
[BlackElo "2169"]
[PlyCount "110"]
[EventDate "2006.07.10"]
[EventType "swiss"]
[EventRounds "7"]
[EventCountry "CAN"]

1. e4 c5 2. d4 cxd4 3. c3 d5 4. cxd4 dxe4 5. Nc3 Nf6 6. f3 exf3 7. Nxf3 g6 8.
Bc4 Bg7 9. O-O O-O 10. Bg5 Bg4 11. Qd2 Nc6 12. Rad1 Qb6 13. Kh1 Bxf3 14. Rxf3
Rad8 15. Rd3 Na5 16. b3 Nxc4 17. bxc4 Qc6 18. c5 Rd7 19. d5 Qxc5 20. Bxf6 Bxf6
21. Ne4 Qc4 22. Nxf6+ exf6 23. Qh6 Qg4 24. Qe3 b6 25. Rd4 Qg5 26. Qf3 Re8 27.
h3 Re3 28. Qf1 Qe5 29. d6 Kg7 30. a4 h5 31. Qf2 Qg3 32. Qxg3 Rxg3 33. Re4 f5
34. Re7 Rxe7 35. dxe7 Re3 36. Rd7 Kf6 37. Rxa7 Rxe7 38. Ra6 Re6 39. h4 Ke5 40.
Kh2 Kf4 41. Kh3 Re3+ 42. Kh2 Rb3 43. Ra7 Kg4 44. Rxf7 Kxh4 45. Rf6 Kg5 46. Rc6
h4 47. Rc8 Kg4 48. Rg8 g5 49. Rd8 h3 50. Rd4+ f4 51. gxh3+ Rxh3+ 52. Kg2 Ra3
53. Rb4 Ra2+ 54. Kf1 Kg3 55. Rxb6 f3 0-1

[Event "CYCC U18"]
[Site "Kitchener CAN"]
[Date "2006.07.12"]
[Round "6"]
[White "Davies, Lucas"]
[Black "Kazmaier, Daniel"]
[Result "1/2-1/2"]
[WhiteElo "2159"]
[BlackElo "2160"]
[PlyCount "97"]
[EventDate "2006.07.10"]
[EventType "swiss"]
[EventRounds "7"]
[EventCountry "CAN"]

1. e4 e6 2. d4 d5 3. e5 c5 4. c3 Nc6 5. Nf3 Qb6 6. a3 c4 7. Nbd2 Na5 8. Be2 Bd7
9. O-O O-O-O 10. Rb1 Nb3 11. Nxb3 Ba4 12. Nfd2 cxb3 13. Nf3 Ne7 14. Bg5 h6 15.
Bxe7 Bxe7 16. Nd2 g5 17. Bd3 f6 18. exf6 Bxf6 19. Qh5 e5 20. dxe5 Bxe5 21. Qg4+
Bd7 22. Bf5 Bf4 23. Nf3 Qd6 24. Bxd7+ Rxd7 25. g3 h5 26. Qf5 g4 27. Nh4 Bh6 28.
Ng6 Re8 29. Rfe1 Rxe1+ 30. Rxe1 Kc7 31. Re6 Qc5 32. Qe5+ Rd6 33. Nh8 Bf8 34.
Re8 Kb6 35. Rxf8 d4 36. Qxc5+ Kxc5 37. Rc8+ Rc6 38. cxd4+ Kxd4 39. Rd8+ Ke4 40.
Nf7 Rc1+ 41. Kg2 Rc2 42. Ng5+ Ke5 43. Rd7 b5 44. Rxa7 Kd5 45. a4 b4 46. Rb7 Kc4
47. Rc7+ Kd5 48. Rb7 Kc4 49. Rc7+ 1/2-1/2

[Event "CYCC U18"]
[Site "Kitchener CAN"]
[Date "2006.07.12"]
[Round "6"]
[White "Wang, David"]
[Black "Humphreys, Michael"]
[Result "1-0"]
[WhiteElo "2169"]
[BlackElo "1593"]
[PlyCount "49"]
[EventDate "2006.07.10"]
[EventType "swiss"]
[EventRounds "7"]
[EventCountry "CAN"]

1. e4 d6 2. d4 Nf6 3. Nc3 g6 4. Bc4 Bg7 5. Qe2 c6 6. e5 dxe5 7. dxe5 Nd5 8. Bd2
O-O 9. O-O-O b5 10. Nxd5 cxd5 11. Bd3 Nc6 12. f4 Rb8 13. g4 Qb6 14. h4 a5 15.
h5 Nb4 16. hxg6 hxg6 17. Kb1 Nxd3 18. cxd3 f5 19. gxf5 Bxf5 20. Nf3 Rfd8 21.
Rdg1 e6 22. Nh4 Kf7 23. Nxg6 Bxg6 24. Rxg6 Kxg6 25. Qh5# 1-0

[Event "CYCC U18"]
[Site "Kitchener CAN"]
[Date "2006.07.13"]
[Round "7"]
[White "Ho, Conrad"]
[Black "Wang, David"]
[Result "1/2-1/2"]
[WhiteElo "1898"]
[BlackElo "2169"]
[PlyCount "123"]
[EventDate "2006.07.10"]
[EventType "swiss"]
[EventRounds "7"]
[EventCountry "CAN"]

1. e4 e5 2. Nf3 Nc6 3. Nc3 Nf6 4. d4 exd4 5. Nd5 Nxd5 6. exd5 Bb4+ 7. Bd2 Qe7+
8. Qe2 Bxd2+ 9. Kxd2 Qxe2+ 10. Bxe2 Nb4 11. Rhe1 O-O 12. Bc4 d3 13. cxd3 b5 14.
Bb3 Bb7 15. d6 Bxf3 16. gxf3 cxd6 17. Re4 Nc6 18. Rae1 Rac8 19. f4 a5 20. a3
Rfd8 21. f5 Kf8 22. f6 g6 23. Re7 Ne5 24. Re3 g5 25. Rh3 Kg8 26. Rg3 Kf8 27.
Rh3 Kg8 28. Rh5 h6 29. Rxh6 Re8 30. Rh5 Rxe7 31. fxe7 Kg7 32. Rxg5+ Kf6 33. Rg3
Kxe7 34. h3 Rh8 35. Ke3 Rh4 36. Bd5 Ng6 37. d4 Nf4 38. Bxf7 Kxf7 39. Rf3 Ke6
40. Rxf4 Rxh3+ 41. Rf3 Rh1 42. Kd3 Rd1+ 43. Kc3 Kd5 44. Rf5+ Ke4 45. Rxb5 Rxd4
46. Rxa5 Rd3+ 47. Kc2 Rf3 48. Ra4+ Ke5 49. Rb4 d5 50. a4 d4 51. Rb8 Ke4 52.
Re8+ Kd5 53. Rb8 Rxf2+ 54. Kd3 Rf3+ 55. Kd2 Rf2+ 56. Kd3 Rf3+ 57. Ke2 Rh3 58.
Rf8 Rb3 59. Rf5+ Kc4 60. Rb5 Rxb5 61. axb5 Kxb5 62. Kd3 1/2-1/2

[Event "CYCC U18"]
[Site "Kitchener CAN"]
[Date "2006.07.13"]
[Round "7"]
[White "Kazmaier, Daniel"]
[Black "Goodman, Kevin"]
[Result "1-0"]
[WhiteElo "2160"]
[BlackElo "1870"]
[PlyCount "42"]
[EventDate "2006.07.10"]
[EventType "swiss"]
[EventRounds "7"]
[EventCountry "CAN"]

1. e4 c6 2. d4 d5 3. Nc3 dxe4 4. Nxe4 Bf5 5. Ng3 Bg6 6. Nf3 Nd7 7. h4 h6 8. h5
Bh7 9. Bd3 Bxd3 10. Qxd3 Qc7 11. Bd2 Ngf6 12. O-O-O e6 13. Rhe1 Be7 14. Ne5
Nxe5 15. dxe5 Rd8 16. Qe2 Nd5 17. Qg4 Kf8 18. f4 Qd7 19. f5 exf5 20. Nxf5 Rg8
21. c4 g6 1-0

[Event "CYCC U18 playoff"]
[Site "Kitchener CAN"]
[Date "2006.07.13"]
[Round "1"]
[White "Davies, Lucas"]
[Black "Benoit-Deschamps, Jean-Marc"]
[Result "1-0"]
[WhiteElo "2159"]
[BlackElo "2115"]
[PlyCount "53"]
[EventDate "2006.07.10"]
[EventType "tourn"]
[EventRounds "3"]
[EventCountry "CAN"]

1. e4 c5 2. Nf3 d6 3. d4 cxd4 4. Nxd4 Nf6 5. Nc3 Nc6 6. Be3 g6 7. f3 Bg7 8. Bc4
O-O 9. h4 Nxd4 10. Bxd4 Be6 11. Bd3 Qa5 12. h5 Rab8 13. Qd2 Rfc8 14. hxg6 hxg6
15. O-O-O Bc4 16. Kb1 e6 17. Bxc4 Rxc4 18. Qc1 Qc7 19. a3 Qa5 20. g4 b5 21. e5
dxe5 22. Bxe5 Rbc8 23. Ne4 Rxc2 24. Nxf6+ Bxf6 25. Bxf6 Rxc1+ 26. Rxc1 Rxc1+
27. Kxc1 1-0

[Event "CYCC U18 playoff"]
[Site "Kitchener CAN"]
[Date "2006.07.13"]
[Round "2"]
[White "Kazmaier, Daniel"]
[Black "Davies, Lucas"]
[Result "1-0"]
[WhiteElo "2160"]
[BlackElo "2159"]
[PlyCount "91"]
[EventDate "2006.07.10"]
[EventType "tourn"]
[EventRounds "3"]
[EventCountry "CAN"]

1. e4 c6 2. d4 d5 3. Nc3 dxe4 4. Nxe4 Nf6 5. Nxf6+ gxf6 6. Ne2 Bf5 7. Ng3 Bg6
8. h4 h5 9. Be2 Nd7 10. c3 Qa5 11. b4 Qb6 12. Be3 a5 13. a3 Bh6 14. Bxh6 Rxh6
15. Bxh5 Bxh5 16. Nxh5 axb4 17. Ng7+ Kd8 18. axb4 Rxa1 19. Qxa1 Kc7 20. Qa8 Nb8
21. Qa1 Qb5 22. Qa5+ Qxa5 23. bxa5 e6 24. g4 Rg6 25. Nh5 Nd7 26. f3 c5 27. Nf4
Rh6 28. d5 e5 29. Nd3 c4 30. Nf2 Kd6 31. Ne4+ Kxd5 32. Ke2 Kc6 33. h5 Kb5 34.
Rd1 Nb8 35. Rd5+ Ka4 36. Nc5+ Ka3 37. Nxb7 f5 38. Rd6 Rh7 39. a6 Nxa6 40. Rxa6+
Kb3 41. Kd2 fxg4 42. Nc5+ Kb2 43. fxg4 f5 44. Rb6+ Ka3 45. Rb7 Rh6 46. Kc2 1-0

[Event "CYCC U18 playoff"]
[Site "Kitchener CAN"]
[Date "2006.07.13"]
[Round "3"]
[White "Benoit-Deschamps, Jean-Marc"]
[Black "Kazmaier, Daniel"]
[Result "1/2-1/2"]
[WhiteElo "2115"]
[BlackElo "2160"]
[PlyCount "82"]
[EventDate "2006.07.10"]
[EventType "tourn"]
[EventRounds "3"]
[EventCountry "CAN"]

1. d4 f5 2. Nc3 Nf6 3. Bg5 d5 4. Bxf6 exf6 5. e3 Be6 6. Bd3 c6 7. Qf3 g6 8.
Nge2 Nd7 9. h3 Qc7 10. g4 fxg4 11. hxg4 Bg7 12. Rxh7 Nf8 13. Rxh8 Bxh8 14.
O-O-O b5 15. Nf4 Bf7 16. e4 b4 17. Na4 Bg7 18. Kb1 Bh6 19. Ne2 Ne6 20. exd5
cxd5 21. Qxd5 Rd8 22. Qb5+ Kf8 23. d5 Nf4 24. Qxb4+ Kg7 25. Nxf4 Bxf4 26. Re1
Rxd5 27. Nc3 Rc5 28. Nb5 Rxb5 29. Qxb5 Bd2 30. Rh1 Qf4 31. Qb7 Qxf2 32. a3 Bh6
33. Qe4 Qd2 34. Bc4 Qd7 35. Bxf7 Qxf7 36. Qd4 Bg5 37. Rd1 Kh6 38. Qd7 Qc4 39.
Rh1+ Bh4 40. Qd2+ Kg7 41. Rxh4 g5 1/2-1/2

[Event "Caissa's Temple op"]
[Site "Edmonton CAN"]
[Date "2006.06.09"]
[Round "2"]
[White "Karmali, Hafiz"]
[Black "Ostapchuk, David"]
[Result "1-0"]
[WhiteElo "2039"]
[BlackElo "1789"]
[PlyCount "81"]
[EventDate "2006.06.02"]
[EventType "swiss"]
[EventRounds "5"]
[EventCountry "CAN"]

1. d4 Nf6 2. c4 e6 3. Nc3 Bb4 4. Qc2 Nc6 5. Nf3 Bxc3+ 6. bxc3 d6 7. e4 e5 8.
Ba3 Nd7 9. Be2 Qf6 10. O-O O-O 11. Rfd1 Re8 12. Rab1 Nf8 13. d5 Ne7 14. c5 b6
15. cxd6 cxd6 16. Nd2 Qg6 17. Nc4 Bh3 18. Bf1 Bg4 19. f3 Bxf3 20. Re1 Nxd5 21.
Nxd6 Re6 22. Nf5 Nxc3 23. Qxc3 Bxe4 24. Rxe4 Qxf5 25. Rbe1 Ng6 26. Bd3 Rf6 27.
Rf1 Rc8 28. Rc4 Rxc4 29. Qxc4 Qd7 30. Rc1 h6 31. Qc8+ Qxc8 32. Rxc8+ Kh7 33.
Ra8 a5 34. Re8 Rc6 35. Rxe5 Rc3 36. Re3 f5 37. Bb2 Rc5 38. Kf2 Nf4 39. Bb1 g5
40. Re5 Kg6 41. Bxf5+ 1-0

[Event "Caissa's Temple op"]
[Site "Edmonton CAN"]
[Date "2006.06.09"]
[Round "2"]
[White "Pedersen, Rick"]
[Black "Hughey, Micah"]
[Result "0-1"]
[WhiteElo "1785"]
[BlackElo "2046"]
[PlyCount "98"]
[EventDate "2006.06.02"]
[EventType "swiss"]
[EventRounds "5"]
[EventCountry "CAN"]

1. e4 c5 2. g3 e6 3. Bg2 d5 4. exd5 exd5 5. Qe2+ Be7 6. Nf3 Nf6 7. d4 O-O 8.
O-O b6 9. Re1 Nc6 10. Bg5 cxd4 11. Ne5 Nxe5 12. Qxe5 h6 13. Bxh6 gxh6 14. Qxe7
Qxe7 15. Rxe7 Bf5 16. Na3 Rfc8 17. Nb5 Kf8 18. Re5 Bxc2 19. Nxd4 Be4 20. Rd1
Rc4 21. Nf5 Ng4 22. Rxe4 dxe4 23. h3 Ne5 24. b3 Rb4 25. Nxh6 Rc8 26. Nf5 Nd3
27. Bxe4 Nxf2 28. Kxf2 Rxe4 29. Rd7 Re5 30. Nd4 Re7 31. Rd6 Rcc7 32. Rd8+ Re8
33. Rd6 Rcc8 34. Nf5 Rc2+ 35. Kf3 Rxa2 36. Kf4 Rb2 37. Rh6 Kg8 38. g4 Rxb3 39.
Kg5 Re6 40. h4 a5 41. h5 a4 42. Rxe6 fxe6 43. Ne7+ Kf7 44. Ng6 a3 45. Ne5+ Kg8
46. Kg6 a2 47. h6 Rh3 48. g5 a1=Q 49. h7+ Rxh7 0-1

[Event "Caissa's Temple op"]
[Site "Edmonton CAN"]
[Date "2006.06.09"]
[Round "2"]
[White "Schech, Roland"]
[Black "Wihnon, Jason"]
[Result "1-0"]
[WhiteElo "1597"]
[BlackElo "1589"]
[PlyCount "81"]
[EventDate "2006.06.02"]
[EventType "swiss"]
[EventRounds "5"]
[EventCountry "CAN"]

1. e4 d5 2. exd5 Qxd5 3. d4 Nf6 4. Nc3 Qd6 5. Bc4 Bg4 6. Nge2 e6 7. a3 c6 8.
Bf4 Qd8 9. h3 Bf5 10. Ng3 Bg6 11. Be5 Nbd7 12. Bf4 Nb6 13. Bb3 Bd6 14. Be3 Qc7
15. Qf3 Nbd5 16. Bg5 Bxg3 17. Nxd5 Bxf2+ 18. Qxf2 Nxd5 19. Bxd5 Qa5+ 20. Qd2
Qxd5 21. O-O O-O 22. Rae1 f6 23. Be3 Rfe8 24. Rf2 Rad8 25. Qe2 e5 26. c4 Qa5
27. Bd2 Qb6 28. dxe5 Rxe5 29. Be3 Qb3 30. Rf3 Bd3 31. Qd2 Qxc4 32. Bxa7 Rxe1+
33. Qxe1 Be2 34. Rc3 Qa6 35. Kh2 Re8 36. Qf2 Qb5 37. Qb6 Qe5+ 38. Rg3 Ba6 39.
Qb4 Rd8 40. Be3 Qh5 41. Qe7 1-0

[Event "Caissa's Temple op"]
[Site "Edmonton CAN"]
[Date "2006.06.16"]
[Round "3"]
[White "Hughey, Micah"]
[Black "Stark, Mark"]
[Result "0-1"]
[WhiteElo "2046"]
[BlackElo "1915"]
[PlyCount "78"]
[EventDate "2006.06.02"]
[EventType "swiss"]
[EventRounds "5"]
[EventCountry "CAN"]

1. e4 c5 2. c3 Nf6 3. e5 Nd5 4. d4 cxd4 5. Nf3 Nc6 6. Bc4 Nb6 7. Bb3 g6 8. Ng5
d5 9. exd6 e6 10. Qf3 Ne5 11. Qg3 Bg7 12. Ne4 Nec4 13. cxd4 Na5 14. Bg5 f6 15.
d7+ Bxd7 16. Nd6+ Ke7 17. Bd2 Nxb3 18. Bb4 Nxa1 19. Nxb7+ Ke8 20. Nd6+ Kf8 21.
Nb7+ Kg8 22. Nxd8 Nc2+ 23. Kd1 Nxb4 24. Nb7 Rc8 25. Nc5 Bf8 26. Nxd7 Nxd7 27.
Re1 Kf7 28. Qb3 Nd5 29. Nc3 N7b6 30. a4 Be7 31. a5 Nxc3+ 32. bxc3 Nc4 33. a6
Rc7 34. Ke2 Rd8 35. Rd1 Rd6 36. Qa4 Nb2 37. Qa5 Rb6 38. Ra1 Rcc6 39. d5 Nc4 0-1

[Event "Caissa's Temple op"]
[Site "Edmonton CAN"]
[Date "2006.06.16"]
[Round "3"]
[White "Thompson, Peter"]
[Black "Wihnon, Jason"]
[Result "0-1"]
[WhiteElo "1498"]
[BlackElo "1589"]
[PlyCount "98"]
[EventDate "2006.06.02"]
[EventType "swiss"]
[EventRounds "5"]
[EventCountry "CAN"]

1. e4 c5 2. Nf3 d6 3. d4 cxd4 4. Nxd4 Nf6 5. Nc3 g6 6. g3 Bg7 7. Bg2 O-O 8. O-O
Qb6 9. Nb3 Nc6 10. Be3 Qd8 11. h3 Bd7 12. Nd5 Rc8 13. c3 Nxd5 14. exd5 Ne5 15.
Qe2 a6 16. Rfd1 Bb5 17. Qc2 Nc4 18. Bd4 Bh6 19. Rab1 Bd7 20. Kh2 a5 21. Nc1 b5
22. Nd3 b4 23. Qe2 Bf5 24. f4 Bg7 25. Bxg7 Kxg7 26. cxb4 axb4 27. Rbc1 Qb6 28.
Be4 Ne3 29. Bxf5 Rxc1 30. Rxc1 Nxf5 31. Qe4 Ra8 32. Rc4 Rxa2 33. Rxb4 Qa7 34.
g4 Ra1 35. Qg2 Ne3 36. Qf2 Rd1 37. Qe2 Nxg4+ 38. Qxg4 Rxd3 39. Qe2 Re3 40. Qd2
f6 41. Rd4 Rb3 42. Re4 Kf7 43. Rc4 Qb7 44. Rc2 Qb5 45. Qd4 Rd3 46. Qc4 Rxd5 47.
Qe4 Qd3 48. Re2 Qxe4 49. Rxe4 Rd2+ 0-1